|
|
|
|
| LEADER |
00000nam0a2200000 4500 |
| 001 |
272407 |
| 005 |
20231031225718.0 |
| 035 |
|
|
|a (RuTPU)RU\TPU\book\295613
|
| 090 |
|
|
|a 272407
|
| 100 |
|
|
|a 20141017d1987 k y0rusy50 ca
|
| 101 |
0 |
|
|a rus
|
| 102 |
|
|
|a RU
|
| 105 |
|
|
|a y z 001zy
|
| 200 |
1 |
|
|a История золота
|f А. С. Марфунин
|g Академия наук СССР (АН СССР), Институт геологии рудных месторождений, петрографии, минералогии и геохимии (ИГЕМ)
|
| 210 |
|
|
|a Москва
|c Наука
|d 1987
|
| 215 |
|
|
|a 246 с.
|
| 320 |
|
|
|a Библиогр.: с. 242-243
|
| 606 |
1 |
|
|a Золото
|2 stltpush
|3 (RuTPU)RU\TPU\subj\11859
|
| 610 |
1 |
|
|a история
|
| 610 |
1 |
|
|a открытия
|
| 610 |
1 |
|
|a Древний мир
|
| 610 |
1 |
|
|a поиски
|
| 610 |
1 |
|
|a добыча
|
| 610 |
1 |
|
|a золотоносные провинции
|
| 675 |
|
|
|a 553.411
|v 3
|
| 700 |
|
1 |
|a Марфунин
|b А. С.
|g Арнольд Сергеевич
|
| 712 |
0 |
2 |
|a Академия наук СССР (АН СССР)
|b Институт геологии рудных месторождений, петрографии, минералогии и геохимии (ИГЕМ)
|c (Москва)
|2 stltpush
|3 (RuTPU)RU\TPU\col\11398
|
| 801 |
|
1 |
|a RU
|b 63413507
|c 20141017
|
| 801 |
|
2 |
|a RU
|b 63413507
|c 20161227
|g RCR
|
| 942 |
|
|
|c BK
|